Greek tragedy dashes hopes of a 'golden quarter' (Record no. 83581)

MARC details
000 -LEADER
fixed length control field 01026cab a22001935a 4500
001 - CONTROL NUMBER
control field L154333
008 - FIXED-LENGTH DATA ELEMENTS--GENERAL INFORMATION
fixed length control field 111114e20111111xxk 000 0 eng d
035 ## - SYSTEM CONTROL NUMBER
System control number (Sirsi) u154333
041 0# - LANGUAGE CODE
Language code of text/sound track or separate title eng
110 2# - MAIN ENTRY--CORPORATE NAME
Corporate name or jurisdiction name as entry element Property Week
9 (RLIN) 1549
245 00 - TITLE STATEMENT
Title Greek tragedy dashes hopes of a 'golden quarter'
260 ## - PUBLICATION, DISTRIBUTION, ETC.
Date of publication, distribution, etc. 2011
490 #0 - SERIES STATEMENT
Series statement Property Week
Volume/sequential designation 77(45) 11 November 2011, 40(1)
520 ## - SUMMARY, ETC.
Summary, etc. Cushman & Wakefield's latest UK property investment market briefing show prime yields to have been largely stable in October at 5.72% after September's widespread increase. Eurozone uncertainty has caused activity to slow. Although "core" markets remain in demand, "value-add" segments are largely on hold and activity at the opportunistic end of the market is mostly limited to London. Table covers prime property comparative yields across 25 subsectors from 2007 low to October 2011.
590 ## - LOCAL NOTE (RLIN)
Local note KA
651 #4 - SUBJECT ADDED ENTRY--GEOGRAPHIC NAME
Geographic name United Kingdom
Chronological subdivision
690 ## - LOCAL SUBJECT ADDED ENTRY--TOPICAL TERM (OCLC, RLIN)
Topical term or geographic name as entry element PROPERTY-COMMERCIAL PROPERTY-COMMERCIAL PROPERTY FINANCE AND INVESTMENT
942 ## - ADDED ENTRY ELEMENTS (KOHA)
Suppress in OPAC 0
Holdings
Withdrawn status Lost status Source of classification or shelving scheme Damaged status Not for loan Home library Current library Shelving location Date acquired Total Checkouts Full call number Barcode Date last seen Copy number Price effective from Koha item type
    Dewey Decimal Classification     London London Journal article 14/11/2011   L154333 154333-1001 06/08/2019 1 06/08/2019 Journal article